000 00612nam a2200229Ia 4500
001 859
003 GE_BSU
008 181216s||||||||xx |||||||||||||| ||und||
040 _cGE_BSU
080 _a631.4(075.8)
100 _aГаврилюк,Ф.Я.
245 _aБонитировка почв.
245 _bУчеб.пособие для студ.вузов.
250 _aИзд.2-е,перераб и доп.
260 _aМосква
260 _b,,Высшая школа
260 _c1974
300 _a272 с.
541 _h8 л.
653 _aБонитировка почв
942 _cBK
999 _c35020
_d35020